000 00306nam a22001337a 4500
008 181217b xxu||||| |||| 00| 0 eng d
020 _a9780838515501
041 _aeng
080 _238th
_a610
100 _a4
101 _aSHM
245 _aMedical Diagnosis & Treatment
_cTierney.L.M
942 _2udc
_cBK
999 _c53165
_d53165